00335nam a2200133Ia 45000010005000000080041000050200022000460820022000681000023000902450022001132600023001359010028001589990015001863915241024s9999 xx 000 0 und d a978-9945-465-05-1 aRD/863.97293/J61j aJosefina Jiménez 0aEn los Jardínes bEdiciones CPc2013 a29/1/2015 11:22:56 a.m. c7769d7769